| 000 | 00664nam a2200229 u 4500 | ||
|---|---|---|---|
| 005 | 20240228063743.0 | ||
| 008 | 150508s1998 r 000 0 eng d | ||
| 020 | _a8424133528 | ||
| 035 | _aUPN01000203300 | ||
| 049 | _aI | ||
| 050 | 4 |
_aPQ7389 M2 _bZ3.6a 1998 |
|
| 100 | 1 |
_aMartí, José, _d1853-1895 |
|
| 245 | 1 | 4 |
_aLos zapaticos de rosa / _cJosé Martí ; il. Lulu Delacre. |
| 250 | _a2a ed. | ||
| 260 |
_aLeón, Esp. : _bEverest, _c1998. |
||
| 300 |
_a32 p. : _bil. col. |
||
| 440 | 0 |
_aRascacielos. _pA partir de 8 años |
|
| 650 | 4 |
_aLITERATURA INFANTIL CUBANA _912234 |
|
| 650 | 4 |
_aRimas infantiles _910247 |
|
| 905 | _aInfantil | ||
| 999 |
_c175401 _d175401 |
||